Trauerrede auf Joseph II. : gehalten vor dem hohen Reichskammergerichte zu Wetzlar von Eulogius Schneider den 26ten März 1790.

Bibliographic Details
Main Author: Schneider, Eulogius, 1756-1794 (Author)
Other Authors: Ungewitter, Johann Benedikt (Printer)
Format: Book
Language:German
Published: Wetzlar : gedruckt bey Johann Benedict Ungewitter, [1790]
Subjects:

MARC

Tag First Indicator Second Indicator Subfields
LEADER 00000cam a2200000Ii 4500
001 in00002736643
005 20190624130543.0
008 111005s1790 gw 000 s ger d
035 |a (OCoLC)ocm15935306 
040 |a MNU  |b eng  |e rda  |c MNU  |d OCLCQ  |d OCLCG  |d OCLCF  |d OCLCQ  |d TXA 
035 |a (OCoLC)15935306 
043 |a e-au---  |a e-gw--- 
050 4 |a DB74  |b .S29 1790b 
049 |a TXAM 
100 1 |a Schneider, Eulogius,  |d 1756-1794,  |e author. 
245 1 0 |a Trauerrede auf Joseph II. :  |b gehalten vor dem hohen Reichskammergerichte zu Wetzlar von Eulogius Schneider den 26ten März 1790. 
264 1 |a Wetzlar :  |b gedruckt bey Johann Benedict Ungewitter,  |c [1790] 
300 |a 40 pages ;  |c 18 cm 
336 |a text  |b txt  |2 rdacontent 
337 |a unmediated  |b n  |2 rdamedia 
338 |a volume  |b nc  |2 rdacarrier 
500 |a Vignette on title page; initial; end-piece. 
546 |b In Fraktur. 
590 |a The Cushing Library/Dawson French copy is bound with: Trauerrede auf Joseph II. / Eulogius Schneider. [Wetzlar, Johann Benedict Ungewitter, 1790] -- Josephs II. Tod von seiner lehrreichen Seite betrachtet / Johann Jacob Römer. [Frankfurt am Main : Jägerischen Buchandlung, 1790] -- Gedächtnisspredigt auf Joseph den Zweiten / Friedrich Giesse. [Wezlar : Winslerschen Schriften, 1790] -- Gedächtnissrede auf den ganz Deutschland beugenden frühen Hintritt / Johann Heinrich Cramer. [Place of publication not identified : Karl Gottlob Beck, 1790] -- Predigt bei berantassung des Todes unsers geliebten Josephs den Zweiten / Johann Georg Fock. [Rottenburg am Neccar : Johann Friedrich Hartmann, 1790]. 
600 0 0 |a Joseph  |b II,  |c Holy Roman Emperor,  |d 1741-1790  |x Death and burial  |v Early works to 1800. 
650 0 |a Eulogies  |z Germany  |z Wetzlar  |v Early works to 1800. 
600 0 7 |a Joseph  |b II,  |c Holy Roman Emperor,  |d 1741-1790  |2 fast  |0 (OCoLC)fst00012985 
655 7 |a Funeral addresses  |y 1790.  |2 rbgenr 
700 1 |a Ungewitter, Johann Benedikt,  |e printer. 
752 |a Germany  |d Wetzlar. 
948 |a cataloged  |b h  |c 2019/6/24  |d enhance  |e fpiscitelli  |f 11:11:50 am 
994 |a C0  |b TXA 
999 f f |s b70bdf2c-e7aa-32d4-8904-3114ddf7b81f  |i e841057e-b470-3a38-b432-b3467b0daffa  |t 0 
952 f f |p noncirc  |a Texas A&M University  |b College Station  |c Cushing Memorial Library & Archives  |d Cushing: Dawson French (Does not check out)  |t 0  |e DB74 .S29 1790b  |h Library of Congress classification  |i unmediated -- volume 
998 f f |a DB74 .S29 1790b  |t 0  |l Cushing: Dawson French (Does not check out)